New World Crops - Sudden Death - Statistics

General Stats
  • This quiz has been taken 1,889 times
    910 since last reset
  • The average score is 7 of 20
Answers on the Grid
Answers color-coded by a green-red scale on the quiz's grid according to % correct below.
Agave
Apple
Avocado
Barley
Beet
Chili Pepper
Cocoa
Corn
Fig
Flax
Huckleberry
Kiwi
Leek
Lemon
Lima Bean
Maple Syrup
Parsley
Peanut
Pine Nut
Pineapple
Potato
Pumpkin
Quinoa
Rubber
Saffron
Squash
Sugarcane
Sunflower
Sweet Potato
Thyme
Tobacco
Tomato
Vanilla
 
Answer Stats
Answer % Correct
Avocado
62%
Agave
57%
Corn
57%
Cocoa
53%
Chili Pepper
50%
Potato
47%
Tomato
45%
Tobacco
43%
Maple Syrup
41%
Pumpkin
36%
Quinoa
34%
Sweet Potato
34%
Lima Bean
33%
Peanut
28%
Squash
27%
Pineapple
26%
Huckleberry
21%
Rubber
21%
Sunflower
17%
Vanilla
15%
No matching quizzes found
Score Distribution
Percent of People with Each Score
Percentile by Number Answered
Your Score History
You have not taken this quiz since the last reset